Housewares..
| Format: | Book |
|---|---|
| Published: |
Ontario:
Trade Facilitation Office Canada,
1995.
|
| Subjects: |
| LEADER | 00427cam a2200157 7i4500 | ||
|---|---|---|---|
| 001 | 0000003970 | ||
| 005 | 19991025090000.0 | ||
| 002 | ##000005408 | ||
| 020 | 0 | 0 | |a T000004669 |
| 090 | 0 | 0 | |a P 644 |b HOU |
| 245 | 0 | 0 | |a Housewares.. |
| 260 | 0 | 0 | |a Ontario: |b Trade Facilitation Office Canada, |c 1995. |
| 300 | 0 | 0 | |a 22 p.. |
| 650 | 0 | 0 | |a Household appliances -- |z Canada |
| 651 | 0 | 0 | |a Canada |
| 999 | |a 0000006812 |b Book |c Open shelf |e Business Information Centre | ||